000 00483nam a2200181Ia 4500
008 240925s9999 xx 000 0 und d
020 _a9788184315295
082 _a621.381548 BAK
100 _aBakshi, U. A
245 0 _aMeasurements and Instrumentation
250 _a4th
260 _aPune:
_bTechnical Publications
_c,2009.
300 _a238p.
_bN.A
_fOriginal
500 _aIncludes Illustrations
600 _aElectronic Engineering
650 _aTechnology
942 _cBK
999 _c11183
_d11183